| 000 | 00398nam a22001697a 4500 | ||
|---|---|---|---|
| 003 | SGT | ||
| 020 | _a9781975115364 | ||
| 082 |
_a611 _bH20P |
||
| 100 | _aPAWLINA, WOJCIECH | ||
| 245 | _aHISTOLOGY A TEXT AND ATLAS | ||
| 250 | _a8TH | ||
| 260 |
_aPHILADELPHIA _bWOLTERS KLUWER PUB _c2020 |
||
| 300 | _a1045 | ||
| 650 | _aHUMAN ANATOMY | ||
| 653 | _aHISTOLOGY A TEXT AND ATLAS | ||
| 942 |
_2ddc _cBK |
||
| 999 |
_c23199 _d23199 |
||